[Event "DEM U14w 2025"]
[Site "Willingen GER"]
[Date "2025.06.08"]
[Round "1"]
[White "Mader, Theresa"]
[Black "Färber, Anna"]
[Result "1/2-1/2"]
[Termination "normal"]
[Board "5"]
[WhiteElo "1592"]
[BlackElo "1702"]
[WhiteClock "00:03:53"]
[BlackClock "00:04:30"]
[PlyCount "74"]
[WhiteFideId "34605657"]
[BlackFideId "34633480"]
[EventCountry "GER"]
[EventRounds "9"]
[EventType "swiss"]
[EventDate "2025.06.07"]

1. d4 {[%clk 01:30:58]} {[%emt 00:00:01]} Nf6 {[%clk 01:30:51]} {[%emt
00:00:09]} 2. c4 {[%clk 01:31:21]} {[%emt 00:00:07]} g6 {[%clk 01:31:14]}
{[%emt 00:00:06]} 3. Nc3 {[%clk 01:31:43]} {[%emt 00:00:10]} Bg7 {[%clk
01:31:36]} {[%emt 00:00:07]} 4. e4 {[%clk 01:32:03]} {[%emt 00:00:10]} d6
{[%clk 01:31:47]} {[%emt 00:00:19]} 5. Nf3 {[%clk 01:32:21]} {[%emt 00:00:12]}
O-O {[%clk 01:32:07]} {[%emt 00:00:10]} 6. Be2 {[%clk 01:32:44]} {[%emt
00:00:07]} e5 {[%clk 01:32:25]} {[%emt 00:00:12]} 7. O-O {[%clk 01:33:02]}
{[%emt 00:00:12]} Nc6 {[%clk 01:32:45]} {[%emt 00:00:11]} 8. d5 {[%clk
01:33:21]} {[%emt 00:00:11]} Ne7 {[%clk 01:33:06]} {[%emt 00:00:07]} 9. b4
{[%clk 01:33:35]} {[%emt 00:00:17]} a5 {[%clk 01:33:04]} {[%emt 00:00:32]} 10.
bxa5 {[%clk 01:33:51]} {[%emt 00:00:14]} Rxa5 {[%clk 01:33:24]} {[%emt
00:00:10]} 11. a4 {[%clk 01:34:12]} {[%emt 00:00:09]} b6 {[%clk 01:30:05]}
{[%emt 00:03:49]} 12. Nd2 {[%clk 01:34:02]} {[%emt 00:00:42]} Ra8 {[%clk
01:29:46]} {[%emt 00:00:47]} 13. Nb3 {[%clk 01:33:34]} {[%emt 00:00:58]} Ne8
{[%clk 01:26:34]} {[%emt 00:03:41]} 14. Be3 {[%clk 01:32:19]} {[%emt 00:01:46]}
f5 {[%clk 01:24:47]} {[%emt 00:02:17]} 15. f3 {[%clk 01:32:12]} {[%emt
00:00:37]} f4 {[%clk 01:22:13]} {[%emt 00:03:03]} 16. Bf2 {[%clk 01:31:50]}
{[%emt 00:00:53]} Bd7 {[%clk 01:16:07]} {[%emt 00:06:36]} 17. a5 {[%clk
01:22:04]} {[%emt 00:10:16]} bxa5 {[%clk 01:14:35]} {[%emt 00:02:02]} 18. Nxa5
{[%clk 01:20:08]} {[%emt 00:02:27]} g5 {[%clk 01:11:16]} {[%emt 00:03:48]} 19.
c5 {[%clk 01:07:47]} {[%emt 00:12:51]} dxc5 {[%clk 01:10:16]} {[%emt 00:01:30]}
20. Nb7 {[%clk 01:04:48]} {[%emt 00:03:29]} Qc8 {[%clk 00:55:07]} {[%emt
00:15:39]} 21. Rxa8 {[%clk 00:58:55]} {[%emt 00:06:22]} Qxa8 {[%clk 00:55:31]}
{[%emt 00:00:07]} 22. Nxc5 {[%clk 00:58:07]} {[%emt 00:01:18]} Qd8 {[%clk
00:50:24]} {[%emt 00:05:35]} 23. Nxd7 {[%clk 00:54:04]} {[%emt 00:04:36]} Qxd7
{[%clk 00:50:47]} {[%emt 00:00:06]} 24. Qb3 {[%clk 00:42:31]} {[%emt 00:12:03]}
Nd6 {[%clk 00:48:48]} {[%emt 00:02:28]} 25. Na4 {[%clk 00:36:13]} {[%emt
00:06:48]} Ng6 {[%clk 00:34:27]} {[%emt 00:14:51]} 26. Nc5 {[%clk 00:33:36]}
{[%emt 00:03:08]} Qe7 {[%clk 00:33:43]} {[%emt 00:01:13]} 27. Ne6 {[%clk
00:29:41]} {[%emt 00:04:26]} Rf6 {[%clk 00:31:48]} {[%emt 00:02:25]} 28. Qb8+
{[%clk 00:27:36]} {[%emt 00:02:35]} Nf8 {[%clk 00:30:10]} {[%emt 00:02:07]} 29.
Rc1 {[%clk 00:24:49]} {[%emt 00:03:18]} Ne8 {[%clk 00:25:24]} {[%emt 00:05:15]}
30. Bb5 {[%clk 00:19:45]} {[%emt 00:05:35]} Nxe6 {[%clk 00:17:51]} {[%emt
00:08:03]} 31. dxe6 {[%emt 00:03:47]} Rf8 {[%clk 00:16:04]} {[%emt 00:02:15]}
32. Bxe8 {[%clk 00:09:19]} {[%emt 00:07:40]} Rxe8 {[%clk 00:15:50]} {[%emt
00:00:44]} 33. Qxc7 {[%clk 00:08:31]} {[%emt 00:01:19]} Qxe6 {[%clk 00:14:07]}
{[%emt 00:02:13]} 34. Qc4 {[%clk 00:07:46]} {[%emt 00:01:15]} Qxc4 {[%clk
00:04:49]} {[%emt 00:09:47]} 35. Rxc4 {[%clk 00:08:09]} {[%emt 00:00:08]} Kf7
{[%clk 00:05:11]} {[%emt 00:00:07]} 36. Rc7+ {[%clk 00:06:44]} {[%emt
00:01:56]} Re7 {[%clk 00:04:20]} {[%emt 00:01:21]} 37. Rxe7+ {[%clk 00:03:53]}
{[%emt 00:03:21]} Kxe7 {[%clk 00:04:30]} {[%emt 00:00:20]} 1/2-1/2

[Event "DEM U14w 2025"]
[Site "Willingen GER"]
[Date "2025.06.08"]
[Round "1"]
[White "Rafikova, Ailin"]
[Black "Baklan, Kira"]
[Result "1/2-1/2"]
[Termination "normal"]
[Board "6"]
[WhiteElo "1773"]
[BlackElo "1548"]
[WhiteClock "00:02:05"]
[BlackClock "00:39:29"]
[PlyCount "158"]
[WhiteFideId "34612173"]
[BlackFideId "34186514"]
[EventCountry "GER"]
[EventRounds "9"]
[EventType "swiss"]
[EventDate "2025.06.07"]

1. e4 {[%clk 01:30:59]} c5 {[%clk 01:30:49]} {[%emt 00:00:12]} 2. Nc3 {[%clk
01:31:23]} {[%emt 00:00:06]} Nc6 {[%clk 01:31:11]} {[%emt 00:00:07]} 3. g3
{[%clk 01:31:42]} {[%emt 00:00:11]} g6 {[%clk 01:31:34]} {[%emt 00:00:08]} 4.
Bg2 {[%clk 01:32:08]} {[%emt 00:00:03]} Bg7 {[%clk 01:31:58]} {[%emt 00:00:07]}
5. d3 {[%clk 01:32:26]} {[%emt 00:00:12]} Rb8 {[%clk 01:32:17]} {[%emt
00:00:11]} 6. Be3 {[%clk 01:32:27]} {[%emt 00:00:27]} b5 {[%clk 01:32:39]}
{[%emt 00:00:09]} 7. Qd2 {[%clk 01:29:03]} {[%emt 00:03:54]} Qa5 {[%clk
01:26:58]} {[%emt 00:06:11]} 8. Nge2 {[%clk 01:27:44]} {[%emt 00:01:49]} b4
{[%clk 01:12:32]} {[%emt 00:14:56]} 9. Nd1 {[%clk 01:27:04]} {[%emt 00:01:09]}
Nf6 {[%clk 01:08:16]} {[%emt 00:04:47]} 10. Bh6 {[%clk 01:15:14]} {[%emt
00:12:20]} Bxh6 {[%clk 01:05:22]} {[%emt 00:03:24]} 11. Qxh6 {[%clk 01:15:33]}
{[%emt 00:00:10]} b3+ {[%clk 01:03:52]} {[%emt 00:02:01]} 12. c3 {[%clk
01:13:32]} {[%emt 00:02:31]} Nd4 {[%clk 01:00:58]} {[%emt 00:03:24]} 13. Nxd4
{[%clk 01:11:57]} {[%emt 00:02:05]} cxd4 {[%clk 01:01:20]} {[%emt 00:00:08]}
14. a3 {[%clk 01:05:56]} {[%emt 00:06:31]} Ba6 {[%clk 00:59:50]} {[%emt
00:02:00]} 15. Qd2 {[%clk 01:03:05]} {[%emt 00:03:20]} dxc3 {[%clk 00:49:16]}
{[%emt 00:11:04]} 16. Nxc3 {[%emt 00:01:18]} O-O {[%clk 00:47:07]} {[%emt
00:02:36]} 17. O-O {[%clk 01:01:39]} {[%emt 00:01:11]} Ng4 {[%clk 00:41:35]}
{[%emt 00:06:03]} 18. f4 {[%clk 00:45:12]} {[%emt 00:16:57]} Qb6+ {[%clk
00:38:54]} {[%emt 00:03:12]} 19. Kh1 {[%clk 00:42:57]} {[%emt 00:02:43]} Ne3
{[%clk 00:37:11]} {[%emt 00:02:14]} 20. Rf3 {[%clk 00:39:14]} {[%emt 00:04:12]}
Nc2 {[%clk 00:36:47]} {[%emt 00:00:55]} 21. Raf1 {[%clk 00:38:38]} {[%emt
00:01:05]} Qd6 {[%clk 00:33:55]} {[%emt 00:03:22]} 22. e5 {[%clk 00:33:54]}
{[%emt 00:05:15]} Qb6 {[%clk 00:31:46]} {[%emt 00:02:39]} 23. Nd5 {[%clk
00:29:44]} {[%emt 00:04:39]} Qc5 {[%clk 00:30:45]} {[%emt 00:01:31]} 24. R3f2
{[%clk 00:28:25]} {[%emt 00:01:49]} Bb7 {[%clk 00:29:09]} {[%emt 00:02:07]} 25.
d4 {[%clk 00:20:29]} {[%emt 00:08:26]} Qxd4 {[%clk 00:25:34]} {[%emt 00:04:04]}
26. Qxd4 {[%emt 00:02:18]} Nxd4 {[%clk 00:25:57]} {[%emt 00:00:06]} 27. Nxe7+
{[%clk 00:18:54]} {[%emt 00:00:18]} Kg7 {[%clk 00:26:05]} {[%emt 00:00:23]} 28.
Rd1 {[%clk 00:15:38]} {[%emt 00:03:46]} Bxg2+ {[%clk 00:24:17]} {[%emt
00:02:18]} 29. Kxg2 {[%clk 00:14:33]} {[%emt 00:01:34]} Nc6 {[%clk 00:24:29]}
{[%emt 00:00:19]} 30. Rxd7 {[%clk 00:11:01]} {[%emt 00:04:02]} Nxe7 {[%clk
00:24:30]} {[%emt 00:00:29]} 31. Rxe7 {[%clk 00:11:27]} {[%emt 00:00:03]} a5
{[%clk 00:24:27]} {[%emt 00:00:34]} 32. Rd2 {[%clk 00:10:15]} {[%emt 00:01:42]}
Rbc8 {[%clk 00:24:36]} {[%emt 00:00:21]} 33. Kh3 {[%clk 00:06:44]} {[%emt
00:04:00]} a4 {[%clk 00:22:44]} {[%emt 00:02:23]} 34. Ra7 {[%clk 00:03:49]}
{[%emt 00:03:25]} Rc4 {[%clk 00:22:49]} {[%emt 00:00:24]} 35. Rad7 {[%clk
00:02:21]} {[%emt 00:01:57]} Re8 {[%clk 00:20:58]} {[%emt 00:02:24]} 36. Kg4
{[%clk 00:02:09]} {[%emt 00:00:41]} Rxe5 {[%clk 00:19:53]} {[%emt 00:01:34]}
37. Kh3 {[%clk 00:01:26]} {[%emt 00:01:13]} Rec5 {[%clk 00:19:11]} {[%emt
00:01:13]} 38. R7d3 {[%clk 00:01:16]} {[%emt 00:00:39]} Rc2 {[%clk 00:18:46]}
{[%emt 00:00:55]} 39. Rd4 {[%clk 00:01:20]} {[%emt 00:00:26]} Rxd2 {[%clk
00:19:04]} {[%emt 00:00:13]} 40. Rxd2 {[%clk 00:01:44]} {[%emt 00:00:06]} Rc2
{[%clk 00:19:27]} {[%emt 00:00:06]} 41. Rg2 {[%clk 00:01:35]} {[%emt 00:00:39]}
Rxg2 {[%clk 00:19:20]} {[%emt 00:00:38]} 42. Kxg2 {[%clk 00:01:55]} {[%emt
00:00:08]} Kf6 {[%clk 00:19:36]} {[%emt 00:00:15]} 43. Kf3 {[%clk 00:26:28]}
{[%emt 00:05:57]} h5 {[%clk 00:46:42]} {[%emt 00:03:24]} 44. Ke4 {[%clk
00:18:47]} {[%emt 00:08:11]} g5 {[%clk 00:45:50]} {[%emt 00:01:23]} 45. f5
{[%clk 00:11:50]} {[%emt 00:07:26]} Ke7 {[%clk 00:38:07]} {[%emt 00:08:14]} 46.
Ke5 {[%clk 00:08:46]} {[%emt 00:03:34]} h4 {[%clk 00:30:47]} {[%emt 00:07:49]}
47. gxh4 {[%clk 00:02:05]} {[%emt 00:07:12]} gxh4 {[%clk 00:31:08]} {[%emt
00:00:09]} 48. h3 {[%clk 00:01:59]} {[%emt 00:00:35]} Kd7 {[%clk 00:30:36]}
{[%emt 00:01:01]} 49. Kf6 {[%clk 00:01:29]} {[%emt 00:01:01]} Ke8 {[%clk
00:30:47]} {[%emt 00:00:19]} 50. Kg5 {[%clk 00:01:28]} {[%emt 00:00:31]} Ke7
{[%clk 00:30:42]} {[%emt 00:00:36]} 51. Kxh4 {[%clk 00:01:24]} {[%emt
00:00:34]} Kf6 {[%clk 00:31:08]} {[%emt 00:00:04]} 52. Kg4 {[%clk 00:01:32]}
{[%emt 00:00:22]} Kg7 {[%clk 00:31:12]} {[%emt 00:00:26]} 53. Kg5 {[%clk
00:01:17]} {[%emt 00:00:45]} f6+ {[%clk 00:31:10]} {[%emt 00:00:32]} 54. Kf4
{[%clk 00:01:09]} {[%emt 00:00:37]} Kh6 {[%clk 00:31:06]} {[%emt 00:00:34]} 55.
Kg4 {[%clk 00:01:11]} {[%emt 00:00:28]} Kg7 {[%clk 00:31:19]} {[%emt 00:00:18]}
56. Kf4 {[%clk 00:01:16]} {[%emt 00:00:25]} Kh6 {[%clk 00:31:38]} {[%emt
00:00:11]} 57. h4 {[%clk 00:01:08]} {[%emt 00:00:37]} Kh5 {[%clk 00:31:52]}
{[%emt 00:00:17]} 58. Kg3 {[%clk 00:01:33]} {[%emt 00:00:04]} Kh6 {[%clk
00:32:12]} {[%emt 00:00:11]} 59. Kg4 {[%clk 00:01:05]} {[%emt 00:00:58]} Kg7
{[%clk 00:32:34]} {[%emt 00:00:08]} 60. Kh5 {[%clk 00:01:25]} {[%emt 00:00:09]}
Kh7 {[%clk 00:32:48]} {[%emt 00:00:17]} 61. Kg4 {[%clk 00:01:50]} {[%emt
00:00:05]} Kh6 {[%clk 00:33:11]} {[%emt 00:00:06]} 62. Kg3 {[%clk 00:01:28]}
{[%emt 00:00:52]} Kh5 {[%clk 00:33:34]} {[%emt 00:00:08]} 63. Kh3 {[%clk
00:01:56]} {[%emt 00:00:01]} Kh6 {[%clk 00:33:52]} {[%emt 00:00:12]} 64. Kg4
{[%clk 00:02:23]} {[%emt 00:00:03]} Kg7 {[%clk 00:34:07]} {[%emt 00:00:15]} 65.
Kf4 {[%clk 00:02:06]} {[%emt 00:00:47]} Kh6 {[%clk 00:34:26]} {[%emt 00:00:12]}
66. Kg4 {[%clk 00:00:56]} {[%emt 00:01:40]} Kg7 {[%clk 00:34:46]} {[%emt
00:00:10]} 67. Kf4 {[%clk 00:01:23]} {[%emt 00:00:03]} Kh6 {[%clk 00:35:02]}
{[%emt 00:00:14]} 68. Kf3 {[%clk 00:00:58]} {[%emt 00:00:55]} Kh5 {[%clk
00:35:16]} {[%emt 00:00:15]} 69. Kg3 {[%clk 00:01:21]} {[%emt 00:00:07]} Kh6
{[%clk 00:35:35]} {[%emt 00:00:12]} 70. Kg4 {[%clk 00:01:29]} {[%emt 00:00:21]}
Kg7 {[%clk 00:36:00]} {[%emt 00:00:06]} 71. Kf4 {[%clk 00:01:55]} {[%emt
00:00:04]} Kh6 {[%clk 00:36:23]} {[%emt 00:00:07]} 72. Kg3 {[%clk 00:01:14]}
{[%emt 00:01:09]} Kh5 {[%clk 00:36:48]} {[%emt 00:00:07]} 73. Kh3 {[%clk
00:01:33]} {[%emt 00:00:10]} Kh6 {[%clk 00:37:11]} {[%emt 00:00:07]} 74. Kg4
{[%clk 00:01:58]} {[%emt 00:00:05]} Kg7 {[%clk 00:37:37]} {[%emt 00:00:04]} 75.
Kf4 {[%clk 00:02:23]} {[%emt 00:00:05]} Kh6 {[%clk 00:38:00]} {[%emt 00:00:07]}
76. Kf3 {[%clk 00:00:49]} {[%emt 00:02:03]} Kh5 {[%clk 00:38:21]} {[%emt
00:00:10]} 77. Kg3 {[%clk 00:01:17]} {[%emt 00:00:03]} Kh6 {[%clk 00:38:40]}
{[%emt 00:00:10]} 78. Kg4 {[%clk 00:01:38]} {[%emt 00:00:09]} Kg7 {[%clk
00:39:05]} {[%emt 00:00:06]} 79. Kf4 {[%clk 00:02:05]} {[%emt 00:00:02]} Kh6
{[%clk 00:39:29]} {[%emt 00:00:06]} 1/2-1/2

[Event "DEM U14w 2025"]
[Site "Willingen GER"]
[Date "2025.06.08"]
[Round "1"]
[White "Frenzel, Qorianka"]
[Black "Burchardi, Helena"]
[Result "0-1"]
[Termination "normal"]
[Board "7"]
[WhiteElo "1650"]
[BlackElo "1800"]
[WhiteClock "00:06:03"]
[BlackClock "00:25:20"]
[PlyCount "110"]
[WhiteFideId "276294"]
[BlackFideId "34636374"]
[EventCountry "GER"]
[EventRounds "9"]
[EventType "swiss"]
[EventDate "2025.06.07"]

1. e4 {[%clk 01:30:53]} {[%emt 00:00:06]} e5 {[%clk 01:30:47]} {[%emt
00:00:13]} 2. Nf3 {[%clk 01:31:14]} {[%emt 00:00:09]} Nc6 {[%clk 01:31:06]}
{[%emt 00:00:11]} 3. Bc4 {[%clk 01:31:33]} {[%emt 00:00:11]} Bc5 {[%clk
01:31:18]} {[%emt 00:00:18]} 4. O-O {[%clk 01:31:52]} {[%emt 00:00:11]} d6
{[%clk 01:31:22]} {[%emt 00:00:27]} 5. d3 {[%clk 01:32:04]} {[%emt 00:00:17]}
Nf6 {[%clk 01:29:41]} {[%emt 00:02:12]} 6. c3 {[%clk 01:32:15]} {[%emt
00:00:19]} O-O {[%clk 01:27:40]} {[%emt 00:02:31]} 7. h3 {[%clk 01:32:12]}
{[%emt 00:00:33]} Be6 {[%clk 01:26:39]} {[%emt 00:01:31]} 8. Nbd2 {[%clk
01:32:15]} {[%emt 00:00:25]} d5 {[%clk 01:23:33]} {[%emt 00:03:38]} 9. exd5
{[%clk 01:31:50]} {[%emt 00:00:55]} Bxd5 {[%clk 01:23:21]} {[%emt 00:00:42]}
10. Bxd5 {[%clk 01:20:05]} {[%emt 00:12:15]} Qxd5 {[%clk 01:22:55]} {[%emt
00:00:56]} 11. Nb3 {[%clk 01:15:39]} {[%emt 00:04:55]} Be7 {[%clk 01:18:58]}
{[%emt 00:04:28]} 12. Re1 {[%clk 01:12:54]} {[%emt 00:03:14]} Rad8 {[%clk
01:17:15]} {[%emt 00:02:13]} 13. d4 {[%clk 01:04:35]} {[%emt 00:08:48]} exd4
{[%clk 01:11:47]} {[%emt 00:05:59]} 14. Nfxd4 {[%clk 00:57:32]} {[%emt
00:07:33]} Nxd4 {[%clk 01:09:18]} {[%emt 00:02:59]} 15. Qxd4 {[%clk 00:50:00]}
{[%emt 00:08:02]} Qxd4 {[%clk 01:03:00]} {[%emt 00:06:49]} 16. Nxd4 {[%clk
00:46:36]} {[%emt 00:03:54]} Bc5 {[%clk 00:57:39]} {[%emt 00:05:50]} 17. Nb3
{[%clk 00:40:40]} {[%emt 00:06:26]} Bb6 {[%clk 00:57:07]} {[%emt 00:01:02]} 18.
c4 {[%clk 00:36:56]} {[%emt 00:04:14]} Nd7 {[%clk 00:48:35]} {[%emt 00:09:02]}
19. Bf4 {[%clk 00:31:34]} {[%emt 00:05:52]} c5 {[%clk 00:30:45]} {[%emt
00:18:20]} 20. a4 {[%clk 00:25:44]} {[%emt 00:06:19]} a5 {[%clk 00:27:42]}
{[%emt 00:03:34]} 21. Bd2 {[%clk 00:23:11]} {[%emt 00:03:03]} Nf6 {[%clk
00:21:36]} {[%emt 00:06:37]} 22. Rad1 {[%clk 00:12:38]} {[%emt 00:11:02]} Rd3
{[%clk 00:18:06]} {[%emt 00:04:00]} 23. Bc3 {[%clk 00:12:19]} {[%emt 00:00:49]}
Rfd8 {[%clk 00:16:12]} {[%emt 00:02:24]} 24. Rd2 {[%clk 00:11:11]} {[%emt
00:01:37]} Rxd2 {[%clk 00:11:33]} {[%emt 00:05:10]} 25. Bxd2 {[%clk 00:11:18]}
{[%emt 00:00:23]} Kf8 {[%clk 00:10:58]} {[%emt 00:01:04]} 26. Nxa5 {[%clk
00:07:14]} {[%emt 00:04:35]} Rxd2 {[%clk 00:09:14]} {[%emt 00:02:14]} 27. Nxb7
{[%clk 00:06:57]} {[%emt 00:00:47]} Rxb2 {[%clk 00:08:15]} {[%emt 00:01:29]}
28. a5 {[%clk 00:07:03]} {[%emt 00:00:24]} Ba7 {[%clk 00:08:08]} {[%emt
00:00:37]} 29. a6 {[%clk 00:06:10]} {[%emt 00:01:24]} Ra2 {[%clk 00:07:57]}
{[%emt 00:00:40]} 30. Rd1 {[%clk 00:04:19]} {[%emt 00:02:20]} Rxa6 {[%clk
00:04:20]} {[%emt 00:04:08]} 31. Rd8+ {[%clk 00:02:18]} {[%emt 00:02:31]} Ke7
{[%clk 00:04:27]} {[%emt 00:00:22]} 32. Ra8 {[%clk 00:01:58]} {[%emt 00:00:51]}
Nd7 {[%clk 00:04:33]} {[%emt 00:00:24]} 33. Rc8 {[%clk 00:01:11]} {[%emt
00:01:17]} Ra1+ {[%clk 00:03:56]} {[%emt 00:01:07]} 34. Kh2 {[%clk 00:01:32]}
{[%emt 00:00:08]} Ra4 {[%clk 00:03:49]} {[%emt 00:00:37]} 35. Ra8 {[%clk
00:01:24]} {[%emt 00:00:39]} Bb8+ {[%clk 00:04:06]} {[%emt 00:00:13]} 36. Rxb8
{[%clk 00:01:43]} {[%emt 00:00:11]} Nxb8 {[%clk 00:04:25]} {[%emt 00:00:11]}
37. Nxc5 {[%clk 00:02:04]} {[%emt 00:00:08]} Rxc4 {[%clk 00:04:46]} {[%emt
00:00:09]} 38. Nd3 {[%clk 00:02:16]} {[%emt 00:00:19]} Nc6 {[%clk 00:04:50]}
{[%emt 00:00:24]} 39. Ne1 {[%clk 00:01:52]} {[%emt 00:00:55]} Ne5 {[%clk
00:04:41]} {[%emt 00:00:38]} 40. g4 {[%clk 00:01:35]} {[%emt 00:00:48]} Rf4
{[%clk 00:04:05]} {[%emt 00:01:05]} 41. Kg3 {[%clk 00:01:32]} {[%emt 00:00:35]}
g5 {[%clk 00:03:34]} {[%emt 00:01:00]} 42. f3 {[%clk 00:29:56]} {[%emt
00:02:06]} f5 {[%clk 00:32:12]} {[%emt 00:01:52]} 43. h4 {[%clk 00:21:10]}
{[%emt 00:09:16]} h6 {[%clk 00:31:29]} {[%emt 00:01:13]} 44. gxf5 {[%clk
00:19:23]} {[%emt 00:02:16]} Rxf5 {[%clk 00:31:01]} {[%emt 00:00:59]} 45. hxg5
{[%clk 00:16:51]} {[%emt 00:03:02]} hxg5 {[%clk 00:26:51]} {[%emt 00:04:40]}
46. Kg2 {[%clk 00:15:39]} {[%emt 00:01:42]} Kf6 {[%clk 00:25:55]} {[%emt
00:01:24]} 47. Kg3 {[%clk 00:15:23]} {[%emt 00:00:49]} Kg6 {[%clk 00:26:17]}
{[%emt 00:00:07]} 48. Kg2 {[%clk 00:15:24]} {[%emt 00:00:28]} Kh6 {[%clk
00:26:37]} {[%emt 00:00:10]} 49. Kg3 {[%clk 00:13:15]} {[%emt 00:02:39]} Kh5
{[%clk 00:26:36]} {[%emt 00:00:32]} 50. Kg2 {[%clk 00:13:26]} {[%emt 00:00:19]}
Kh4 {[%clk 00:26:42]} {[%emt 00:00:21]} 51. Kf2 {[%clk 00:11:09]} {[%emt
00:02:49]} Kh3 {[%clk 00:26:15]} {[%emt 00:00:58]} 52. Ng2 {[%clk 00:09:55]}
{[%emt 00:01:43]} Rxf3+ {[%clk 00:26:00]} {[%emt 00:00:45]} 53. Kg1 {[%clk
00:10:00]} {[%emt 00:00:25]} Nd3 {[%clk 00:25:21]} {[%emt 00:01:09]} 54. Ne3
{[%clk 00:05:40]} {[%emt 00:04:50]} Rxe3 {[%clk 00:25:35]} {[%emt 00:00:17]}
55. Kf1 {[%clk 00:06:03]} {[%emt 00:00:06]} Re1# {[%clk 00:25:20]} {[%emt
00:00:07]} 0-1